00540nam a22001457a 4500082002500000100004900025245007500074260004100149300002200190526003700212650001200249942001200261999001900273952010200292 a363.56091724bMALcD aBall, Gwendolyn, Malpezzi, Stephen., 938082 aRent control in developing countriescStephen Malpezzi Gwendolyn Ball. aWashington :bThe World bankcc1991. axiv, 84 p. :bill a0b0c0d363_560917240000000_MAL aD96527 2ddccBK c542758d542758 00102ddc4070aMCEbMCEd2014-02-17l0o363.56091724 MALpMCE-42501r2014-02-17w2014-02-17yBK